| 000 | 00840 a2200241 4500 | ||
|---|---|---|---|
| 999 |
_c11347 _d11347 |
||
| 020 | _a9781292363516 | ||
| 050 | 0 | 0 |
_aK 68 _bKOT 2022 |
| 100 | 1 |
_aKotler, Philip, _eauthor. |
|
| 245 | 1 | 0 |
_aMarketing for hospitality and tourism / _cPhilip Kotler, John T. Bowen, James C. Makens, Seyhmus Baloglu. |
| 250 | _aEighth edition. | ||
| 264 | 1 |
_aBoston : _bPearson, _c2022 |
|
| 300 | _a686 pages | ||
| 336 |
_atext _btxt _2rdacontent |
||
| 337 |
_aunmediated _bn _2rdamedia |
||
| 338 |
_avolume _bnc _2rdacarrier |
||
| 504 | _aIncludes bibliographical references and index. | ||
| 650 | 0 |
_aHospitality industry _xMarketing. |
|
| 650 | 0 |
_aTourism _xMarketing. |
|
| 700 |
_aBrowen,John T _eauthor |
||
| 700 |
_aBaloglu,Seyhmus _eauthor |
||
| 942 |
_2lcc _cBK _eeighth edition _h68 _iKOT _kK |
||